| 000 | 01065pam a2200301 a 4500 | ||
|---|---|---|---|
| 999 |
_c1802 _d1802 |
||
| 001 | 3073624 | ||
| 003 | OSt | ||
| 005 | 20191022150726.0 | ||
| 008 | 971210s1998 enka b 001 0 eng c | ||
| 010 | _a 97051177 | ||
| 020 | _a0750618175 | ||
| 040 |
_aDNLM/DLC _cDLC _dDLC |
||
| 050 | 0 | 0 |
_aRE927 _b.B46 1998 |
| 060 | 1 | 0 | _aWW 300 B471c 1998 |
| 082 | 0 | 0 |
_aWW 140 R112c 1999 _221 |
| 100 | 1 |
_aBennett, Arthur G.; Rabbetts, Ronald B. _94737 |
|
| 245 | 1 | 0 | _aBennett and Rabbetts' Clinical Visual Optics |
| 250 | _a3rd ed. / | ||
| 260 |
_aOxford ; _bButterworth-Heinemann, _c1998. |
||
| 300 |
_aviii, 451 p. : _bill. ; _c28 cm. |
||
| 500 | _aRev. ed. of: Clinical visual optics. 2nd ed. 1989. | ||
| 504 | _aIncludes bibliographical references and index. | ||
| 650 | 0 |
_aEye _94738 |
|
| 650 | 0 |
_aVision _94739 |
|
| 906 |
_a7 _bcbc _corignew _d1 _eocip _f19 _gy-gencatlg |
||
| 942 |
_2z _cSLOAN |
||